[Event "CRO-chT1A 24th"]
[Site "Bol"]
[Date "2015.10.08"]
[Round "6.43"]
[White "Rukavina, Josip"]
[Black "Predojevic, Borki"]
[Result "0-1"]
[WhiteElo "2390"]
[BlackElo "2631"]
[PlyCount "106"]
[EventDate "2015.10.03"]
[EventType "team-tourn"]
[EventRounds "9"]
[EventCountry "CRO"]
[SourceTitle "CBM 168 Extra"]
[Source "ChessBase"]
[SourceDate "2015.10.29"]
[SourceVersion "1"]
[SourceVersionDate "2015.10.29"]
[SourceQuality "1"]
[WhiteTeam "Rijeka Rijeka"]
[BlackTeam "Rijeka Liburnija"]
[WhiteTeamCountry "CRO"]
[BlackTeamCountry "CRO"]

1. Nf3 d5 2. c4 c6 3. e3 Nf6 4. d4 Bf5 5. cxd5 cxd5 6. Bb5+ Nbd7 7. 0-0 e6 8. Ne5 a6 9. Nxd7 Nxd7 10. Bd3 Bg6 11. Nc3 Bb4 12. Ne2 Bd6 13. h3 Rc8 14. Nc3 0-0 15. Bxg6 hxg6 16. e4 dxe4 17. Nxe4 Nf6 18. Nxf6+ Qxf6 19. Be3 Rcd8 20. Qg4 Qf5 21. Qxf5 gxf5 22. g3 Bb8 23. Rfd1 Rd5 24. Rd2 Rfd8 25. Rad1 Ra5 26. b3 Rad5 27. Kf1 Kf8 28. Ke2 Ke7 29. Rd3 Rh8 30. h4 f4 31. Bd2 g6 32. Kf3 fxg3 33. fxg3 f5 34. Ke2 Kf7 35. Be1 Rhd8 36. Bc3 Kg7 37. R1d2 Kh6 38. Rd1 Kh5 39. R1d2 Kg4 40. Re3 Bxg3 41. Rxe6 R5d6 42. Rxd6 Bxd6 43. Rd1 Re8+ 44. Kd3 Bg3 45. d5 f4 46. d6 Rd8 47. Be5 Kf5 48. Kd4 Bxh4 49. Kd5 f3 50. Rd3 f2 51. Rf3+ Kg4 52. Rf4+ Kh3 53. Bf6 Rxd6+ 0-1

[Event "Pula op 29th"]
[Site "Pula"]
[Date "2015.06.18"]
[Round "7"]
[White "Tratar, Marko"]
[Black "Rukavina, Josip"]
[Result "1-0"]
[WhiteElo "2476"]
[BlackElo "2396"]
[PlyCount "91"]
[EventDate "2015.06.13"]
[EventType "swiss"]
[EventRounds "9"]
[EventCountry "CRO"]
[SourceTitle "CBM 167 Extra"]
[Source "ChessBase"]
[SourceDate "2015.09.14"]
[SourceVersion "1"]
[SourceVersionDate "2015.09.14"]
[SourceQuality "1"]

1. d4 c5 2. d5 g6 3. e4 Bg7 4. c4 d6 5. Nc3 Nf6 6. Bd3 0-0 7. Nf3 e6 8. 0-0 exd5 9. exd5 Bg4 10. h3 Bxf3 11. Qxf3 Nbd7 12. Qd1 Ne8 13. Bd2 Ne5 14. Be2 f5 15. f4 Nf7 16. Qc2 Qd7 17. g4 Nh6 18. g5 Nf7 19. Kg2 Nc7 20. h4 Rfe8 21. Bd3 Re7 22. Rae1 Rae8 23. Rxe7 Rxe7 24. Qb3 Ne8 25. Ne2 h5 26. Re1 Nd8 27. Qc2 Nc7 28. Ng3 Rxe1 29. Bxe1 b5 30. b3 b4 31. Qe2 Qe8 32. Kf3 Qxe2+ 33. Kxe2 Ne8 34. Bxf5 gxf5 35. Nxh5 Bb2 36. Ng3 Bc1 37. Bd2 Bxd2 38. Kxd2 Ng7 39. h5 Kh7 40. Ke3 a5 41. h6 Ne8 42. Nxf5 Kg6 43. Ke4 Nb7 44. Ne7+ Kh7 45. Nc6 Kg6 46. Kf3 1-0

[Event "Pula op 29th"]
[Site "Pula"]
[Date "2015.06.17"]
[Round "6"]
[White "Rukavina, Josip"]
[Black "Cherin, Diego"]
[Result "1-0"]
[WhiteElo "2396"]
[BlackElo "2233"]
[PlyCount "61"]
[EventDate "2015.06.13"]
[EventType "swiss"]
[EventRounds "9"]
[EventCountry "CRO"]
[SourceTitle "CBM 167 Extra"]
[Source "ChessBase"]
[SourceDate "2015.09.14"]
[SourceVersion "1"]
[SourceVersionDate "2015.09.14"]
[SourceQuality "1"]

1. c4 f5 2. g3 Nf6 3. Bg2 g6 4. Nc3 Bg7 5. d4 0-0 6. Nh3 c6 7. 0-0 e6 8. Qc2 d6 9. Rd1 Na6 10. Rb1 Nc7 11. b4 Bd7 12. b5 cxb5 13. cxb5 Rc8 14. Qb3 a6 15. Bxb7 Rb8 16. bxa6 Nxa6 17. Qa3 Nc7 18. Qxd6 Nb5 19. Rxb5 Bxb5 20. Qxe6+ Kh8 21. Bc6 Bxc6 22. Qxc6 Qa5 23. Bd2 Rb2 24. Nf4 Rc2 25. Ne6 Rb8 26. Qd6 Rb6 27. Qd8+ Ng8 28. Qc7 Bf6 29. Be1 Ra6 30. Qc4 Ra8 31. Qb3 1-0

[Event "Pula op 29th"]
[Site "Pula"]
[Date "2015.06.16"]
[Round "5"]
[White "Gallardo Fernandez, Cesar"]
[Black "Rukavina, Josip"]
[Result "0-1"]
[WhiteElo "2202"]
[BlackElo "2396"]
[PlyCount "82"]
[EventDate "2015.06.13"]
[EventType "swiss"]
[EventRounds "9"]
[EventCountry "CRO"]
[SourceTitle "CBM 167 Extra"]
[Source "ChessBase"]
[SourceDate "2015.09.14"]
[SourceVersion "1"]
[SourceVersionDate "2015.09.14"]
[SourceQuality "1"]

1. e4 g6 2. d4 d6 3. g3 Bg7 4. Bg2 c5 5. Ne2 Bg4 6. f3 Bd7 7. d5 Bb5 8. Nbc3 Ba6 9. a4 Qb6 10. 0-0 Nd7 11. Re1 Ngf6 12. Be3 0-0 13. Qd2 Bxe2 14. Rxe2 Qa5 15. Bh6 Bxh6 16. Qxh6 Qb4 17. Qd2 Nb6 18. b3 c4 19. Qd4 Rfc8 20. a5 Nbd7 21. Ra4 Qc5 22. Qxc5 Rxc5 23. b4 Rcc8 24. f4 Ne8 25. Bh3 Rd8 26. b5 Rac8 27. Rd2 Ng7 28. Rd4 f5 29. Rdxc4 Nc5 30. Rab4 b6 31. axb6 axb6 32. e5 dxe5 33. fxe5 Nd7 34. d6 e6 35. Na4 Rxc4 36. Rxc4 Nxe5 37. Rc7 Ne8 38. Nxb6 Rxd6 39. Rb7 Nf6 40. Bf1 Rd2 41. Bd3 Nf3+ 0-1

[Event "Pula op 29th"]
[Site "Pula"]
[Date "2015.06.15"]
[Round "3"]
[White "Van der Elburg, Freddie"]
[Black "Rukavina, Josip"]
[Result "0-1"]
[WhiteElo "2157"]
[BlackElo "2396"]
[PlyCount "150"]
[EventDate "2015.06.13"]
[EventType "swiss"]
[EventRounds "9"]
[EventCountry "CRO"]
[SourceTitle "CBM 167 Extra"]
[Source "ChessBase"]
[SourceDate "2015.09.14"]
[SourceVersion "1"]
[SourceVersionDate "2015.09.14"]
[SourceQuality "1"]

1. f4 g6 2. Nf3 d5 3. g3 Bg7 4. Bg2 Nf6 5. 0-0 0-0 6. d3 b6 7. Ne5 Bb7 8. c4 e6 9. Nc3 c5 10. e3 Nc6 11. d4 cxd4 12. exd4 Na5 13. Be3 dxc4 14. Bxb7 Nxb7 15. Nxc4 Nd5 16. Nxd5 Qxd5 17. Ne5 f6 18. Nf3 Nd6 19. Qb3 Nc4 20. Rae1 Rfe8 21. Re2 b5 22. Bf2 Bf8 23. Rfe1 a5 24. Qd3 Rac8 25. b3 Nb6 26. Nd2 Rc6 27. Ne4 Qf5 28. Qf3 e5 29. Nc3 Rec8 30. Nd1 exf4 31. g4 Qd7 32. Qxf4 Nd5 33. Qf3 Bh6 34. h3 Rc2 35. Qe4 Rxe2 36. Qxe2 Kf7 37. Qe4 Rc6 38. Ne3 Bxe3 39. Bxe3 Re6 40. Qd3 Qe8 41. Kf2 Re4 42. Bd2 Rxe1 43. Bxe1 b4 44. Bd2 Qd7 45. Qa6 Qc7 46. Qc4 Qxc4 47. bxc4 Nb6 48. c5 Nc4 49. Be1 Ke6 50. Ke2 Kd5 51. Kd3 Na3 52. Bf2 Nb5 53. Bg1 Na7 54. Bf2 Nc6 55. Bg1 f5 56. gxf5 gxf5 57. Be3 h5 58. h4 Nd8 59. Kc2 Kc4 60. Kd2 Nc6 61. Kc2 a4 62. Kd2 f4 63. Bxf4 Nxd4 64. Be3 Nc6 65. Bf2 Kd5 66. Kd3 Ne5+ 67. Kc2 Nd7 68. Be1 Kxc5 69. Kd3 Nf6 70. Bg3 Ng4 71. Bf4 Kd5 72. Bd2 Ne5+ 73. Kc2 Kc4 74. Bg5 Nf3 75. Bf6 Nd4+ 0-1

[Event "Pula op 29th"]
[Site "Pula"]
[Date "2015.06.13"]
[Round "1"]
[White "Mainenti, Kevin"]
[Black "Rukavina, Josip"]
[Result "0-1"]
[WhiteElo "1907"]
[BlackElo "2396"]
[PlyCount "54"]
[EventDate "2015.06.13"]
[EventType "swiss"]
[EventRounds "9"]
[EventCountry "CRO"]
[SourceTitle "CBM 167 Extra"]
[Source "ChessBase"]
[SourceDate "2015.09.14"]
[SourceVersion "1"]
[SourceVersionDate "2015.09.14"]
[SourceQuality "1"]

1. e4 d6 2. d4 g6 3. Nc3 Bg7 4. Be3 a6 5. Bd3 Nc6 6. Nge2 e5 7. d5 Nd4 8. 0-0 Nxe2+ 9. Nxe2 Nh6 10. f3 f5 11. Qd2 f4 12. Bf2 g5 13. c4 g4 14. fxg4 Nxg4 15. Qe1 Qg5 16. Bh4 Qg6 17. Kh1 0-0 18. Nc3 Qh6 19. h3 Ne3 20. Rg1 Bg4 21. Kh2 f3 22. gxf3 Rxf3 23. hxg4 Raf8 24. g5 Rf2+ 25. Kh3 R8f3+ 26. Rg3 Qxh4+ 27. Kxh4 Rh2+ 0-1

[Event "CRO-CupT final"]
[Site "Sibenik"]
[Date "2015.05.21"]
[Round "3.2"]
[White "Rukavina, Josip"]
[Black "Kurajica, Bojan"]
[Result "0-1"]
[WhiteElo "2395"]
[BlackElo "2518"]
[PlyCount "82"]
[EventDate "2015.05.20"]
[EventType "team-swiss"]
[EventRounds "6"]
[EventCountry "CRO"]
[SourceTitle "CBM 166 Extra"]
[Source "ChessBase"]
[SourceDate "2015.06.18"]
[SourceVersion "1"]
[SourceVersionDate "2015.06.18"]
[SourceQuality "1"]
[WhiteTeam "Rijeka Rijeka"]
[BlackTeam "Solin Cemex"]
[WhiteTeamCountry "CRO"]
[BlackTeamCountry "CRO"]

1. Nf3 Nf6 2. c4 e6 3. g3 a6 4. Bg2 b5 5. b3 d5 6. 0-0 Bb7 7. Bb2 dxc4 8. bxc4 Nbd7 9. a4 bxc4 10. Na3 Bd5 11. Qc2 Bxa3 12. Bxa3 c5 13. Rfe1 0-0 14. e4 Bc6 15. Bb2 Rb8 16. Ne5 Nxe5 17. Bxe5 Rb4 18. Bc3 Rb7 19. Bf1 Qa8 20. Bxc4 Nd7 21. Qd3 Nb6 22. Bxa6 Ra7 23. Bb5 Nxa4 24. Bxa4 Bxa4 25. Qe3 Bd7 26. Rxa7 Qxa7 27. Bb4 Rc8 28. Rc1 e5 29. Bxc5 Qa2 30. Qc3 Qe6 31. h4 h5 32. Qe3 Qg4 33. d3 Rc6 34. Qg5 Qh3 35. Ba3 Rg6 36. Qxe5 Bg4 37. f3 Bxf3 38. Kf2 Bg4 39. Ke3 Qg2 40. Kd4 Qf2+ 41. Kc4 Qa2+ 0-1

[Event "CRO-chT1A"]
[Site "Bol"]
[Date "2014.10.12"]
[Round "9.2"]
[White "Rukavina, Josip"]
[Black "Saric, Ante"]
[Result "0-1"]
[WhiteElo "2400"]
[BlackElo "2546"]
[PlyCount "84"]
[EventDate "2014.10.04"]
[EventType "team-tourn"]
[EventRounds "9"]
[EventCountry "CRO"]
[SourceTitle "CBM 162 Extra"]
[Source "ChessBase"]
[SourceDate "2014.10.17"]
[SourceVersion "1"]
[SourceVersionDate "2014.10.17"]
[SourceQuality "1"]
[WhiteTeam "Rijeka Rijeka"]
[BlackTeam "Zagreb Zagreb"]
[WhiteTeamCountry "CRO"]
[BlackTeamCountry "CRO"]

1. Nf3 d5 2. c4 d4 3. g3 c5 4. Bg2 Nc6 5. 0-0 e5 6. d3 Nf6 7. Re1 Bd6 8. e3 0-0 9. exd4 exd4 10. Na3 h6 11. Nc2 Bg4 12. h3 Bh5 13. g4 Bg6 14. b4 cxb4 15. Bb2 Bc5 16. Ne5 Nxe5 17. Rxe5 Qd6 18. f4 Rad8 19. Qf3 b6 20. Rae1 Rfe8 21. Rxe8+ Nxe8 22. f5 Bh7 23. Bc1 Qd7 24. Na1 Bf8 25. Nb3 g6 26. Rf1 gxf5 27. gxf5 Ng7 28. f6 Nf5 29. Bf4 Ne3 30. Rf2 Qf5 31. Nxd4 Rxd4 32. Qxe3 Rxd3 33. Qe8 Qxf6 34. Bd5 Bg6 35. Be5 Qg5+ 36. Rg2 Qe3+ 37. Rf2 Rd1+ 38. Kg2 Be4+ 39. Bxe4 Qxe4+ 40. Rf3 Rd2+ 41. Kg3 Qe1+ 42. Kg4 Rd4+ 0-1

[Event "Pula op 28th"]
[Site "Pula"]
[Date "2014.06.11"]
[Round "6"]
[White "Muskardin, Mario"]
[Black "Rukavina, Josip"]
[Result "1/2-1/2"]
[WhiteElo "2248"]
[BlackElo "2410"]
[PlyCount "173"]
[EventDate "2014.06.07"]
[EventType "swiss"]
[EventRounds "9"]
[EventCountry "CRO"]
[SourceTitle "CBM 160 Extra"]
[Source "ChessBase"]
[SourceDate "2014.07.01"]
[SourceVersion "1"]
[SourceVersionDate "2014.07.01"]
[SourceQuality "1"]

1. e4 g6 2. d4 Bg7 3. Nf3 d6 4. Bc4 Nf6 5. Qe2 Nc6 6. e5 dxe5 7. dxe5 Nd5 8. h3 Nb6 9. Bb3 Nd4 10. Nxd4 Qxd4 11. f4 Nd5 12. c3 Qc5 13. Qc4 Qxc4 14. Bxc4 Be6 15. 0-0 0-0-0 16. Na3 f6 17. Nb5 Kb8 18. Nd4 Bc8 19. Re1 Bh6 20. f5 Bxc1 21. Raxc1 gxf5 22. e6 f4 23. Nf5 Ne3 24. Nxe3 fxe3 25. Rxe3 Rhg8 26. Rc2 c5 27. b4 Rg5 28. Re4 Kc7 29. h4 Rg3 30. bxc5 Kc6 31. Rd4 Rdg8 32. Bd5+ Kxc5 33. Bb3 b5 34. Rd5+ Kb6 35. a4 a6 36. Rh5 R8g7 37. axb5 axb5 38. Rb2 Rxc3 39. Ba4 Rc5 40. Rxc5 Kxc5 41. Rxb5+ Kd4 42. Bb3 Ba6 43. Rb8 Bd3 44. Rf8 Be4 45. Kh2 Rxg2+ 46. Kh3 Rb2 47. Bd1 Bf5+ 48. Kg3 Bxe6 49. Re8 Rb7 50. Bc2 h5 51. Bd1 Bf7 52. Rh8 e5 53. Bxh5 Bxh5 54. Rxh5 Ke4 55. Rh8 f5 56. h5 f4+ 57. Kg4 Rg7+ 58. Kh4 f3 59. Rf8 Ke3 60. h6 Rg1 61. h7 f2 62. h8Q Rh1+ 63. Kg3 Rxh8 64. Rf3+ Kd4 65. Kxf2 Rh2+ 66. Ke1 e4 67. Ra3 Ke5 68. Ra8 Kf4 69. Kf1 Kf3 70. Rf8+ Ke3 71. Ra8 Rh1+ 72. Kg2 Rd1 73. Ra3+ Ke2 74. Rb3 Rd3 75. Rb2+ Rd2 76. Rb4 e3 77. Rb3 Rc2 78. Rb7 Kd1+ 79. Kf3 e2 80. Rb1+ Kd2 81. Kf2 Ra2 82. Re1 Kd3 83. Rb1 Ra8 84. Rb3+ Kc2 85. Re3 Kd1 86. Rd3+ Kc2 87. Kxe2 1/2-1/2

[Event "Pula op 28th"]
[Site "Pula"]
[Date "2014.06.07"]
[Round "1"]
[White "Rukavina, Josip"]
[Black "Schilke, Michael"]
[Result "1-0"]
[WhiteElo "2410"]
[BlackElo "1962"]
[PlyCount "35"]
[EventDate "2014.06.07"]
[EventType "swiss"]
[EventRounds "9"]
[EventCountry "CRO"]
[SourceTitle "CBM 160 Extra"]
[Source "ChessBase"]
[SourceDate "2014.07.01"]
[SourceVersion "1"]
[SourceVersionDate "2014.07.01"]
[SourceQuality "1"]

1. Nf3 d5 2. c4 Nf6 3. cxd5 Nxd5 4. d4 g6 5. e3 Bg7 6. Be2 0-0 7. 0-0 Nd7 8. e4 N5b6 9. Nc3 Nf6 10. h3 c6 11. Be3 Qc7 12. a4 a5 13. Qb3 Nbd7 14. Rac1 e6 15. Rfd1 Rd8 16. d5 exd5 17. exd5 c5 18. d6 1-0

[Event "EU-chT Seniors"]
[Site "Sibenik"]
[Date "2014.04.09"]
[Round "9.2"]
[White "Rukavina, Josip"]
[Black "Thoma, Robert"]
[Result "1/2-1/2"]
[WhiteElo "2405"]
[BlackElo "2342"]
[PlyCount "64"]
[EventDate "2014.04.01"]
[EventType "team-swiss"]
[EventRounds "9"]
[EventCountry "CRO"]
[SourceTitle "CBM 159 Extra"]
[Source "ChessBase"]
[SourceDate "2014.04.24"]
[SourceVersion "1"]
[SourceVersionDate "2014.04.24"]
[SourceQuality "1"]
[WhiteTeam "Croatia Seniors"]
[BlackTeam "Austria Seniors"]
[WhiteTeamCountry "CRO"]
[BlackTeamCountry "AUT"]

1. Nf3 f5 2. g3 Nf6 3. Bg2 g6 4. 0-0 Bg7 5. d4 0-0 6. c4 c6 7. Nc3 Na6 8. d5 Nc5 9. Be3 Nce4 10. Nxe4 Nxe4 11. Bd4 cxd5 12. Bxg7 Kxg7 13. Qxd5 d6 14. Nd4 Nf6 15. Qb5 Qc7 16. b3 e5 17. Nf3 a5 18. c5 dxc5 19. Rfc1 Ne4 20. Qc4 Bd7 21. Qc2 Bc6 22. Qb2 Rfe8 23. a3 Rad8 24. Rd1 Rxd1+ 25. Rxd1 Nf6 26. Rc1 Bxf3 27. exf3 b6 28. Bf1 Qd6 29. Be2 Qd4 30. Qc2 Qd6 31. Rd1 Qc7 32. Qc3 Re7 1/2-1/2

[Event "Zadar op-A 20th"]
[Site "Zadar"]
[Date "2013.12.21"]
[Round "9"]
[White "Matko, Ognjen"]
[Black "Rukavina, Josip"]
[Result "1-0"]
[WhiteElo "2267"]
[BlackElo "2407"]
[PlyCount "87"]
[EventDate "2013.12.15"]
[EventType "swiss"]
[EventRounds "9"]
[EventCountry "CRO"]
[SourceTitle "CBM 158 Extra"]
[Source "ChessBase"]
[SourceDate "2014.02.28"]
[SourceVersion "1"]
[SourceVersionDate "2014.02.28"]
[SourceQuality "1"]

1. d4 g6 2. e4 Bg7 3. Nc3 d6 4. g3 Nc6 5. Be3 e5 6. dxe5 Nxe5 7. h3 Nf6 8. f4 Ned7 9. Bg2 0-0 10. Nge2 Re8 11. Qd3 a6 12. 0-0-0 Rb8 13. Ba7 Ra8 14. Bf2 Rb8 15. g4 h6 16. Ba7 Ra8 17. Bf2 Bf8 18. Ng3 c6 19. Rhe1 Qa5 20. Kb1 Qc7 21. Qd2 b5 22. g5 hxg5 23. fxg5 Nh7 24. h4 Ne5 25. h5 Bg4 26. hxg6 fxg6 27. Nce2 Rad8 28. Rh1 Rd7 29. b3 Rf7 30. Be3 Be7 31. Rh6 Bf8 32. Rh4 Be7 33. Rdh1 Ref8 34. Nd4 Qc8 35. Ndf5 gxf5 36. exf5 Bf6 37. g6 Bxh4 38. gxf7+ Rxf7 39. Rxh4 Qd8 40. Rh6 d5 41. Rg6+ Nxg6 42. fxg6 Rf8 43. gxh7+ Kxh7 44. Qd3+ 1-0

[Event "Wch Seniors 21st"]
[Site "Rijeka"]
[Date "2011.11.26"]
[Round "11"]
[White "Wittmann, Walter"]
[Black "Rukavina, Josip"]
[Result "1-0"]
[WhiteElo "2269"]
[BlackElo "2421"]
[PlyCount "180"]
[EventDate "2011.11.15"]
[EventType "swiss"]
[EventRounds "11"]
[EventCountry "CRO"]
[SourceTitle "CBM 145 Extra"]
[Source "ChessBase"]
[SourceDate "2012.01.03"]
[SourceVersion "1"]
[SourceVersionDate "2012.01.03"]
[SourceQuality "1"]

1. e4 d6 2. d4 g6 3. Nf3 Bg7 4. Bc4 c6 5. Bb3 Nf6 6. Qe2 e5 7. dxe5 dxe5 8. 0-0 Qe7 9. Nbd2 Bg4 10. h3 Bxf3 11. Nxf3 Nbd7 12. c3 0-0 13. a4 a5 14. g3 Nc5 15. Bc2 Rfe8 16. b3 Qc7 17. Rd1 Bf8 18. Bg5 Nfd7 19. Nd2 Ne6 20. Be3 Bc5 21. Nc4 Nb6 22. Bd3 Nd7 23. Bc2 Red8 24. Bxc5 Ndxc5 25. Kg2 Kg7 26. h4 h5 27. Rxd8 Rxd8 28. Rd1 Rxd1 29. Qxd1 Nd7 30. Kf3 b5 31. Nd6 Qb8 32. Nxf7 Nd4+ 33. cxd4 Kxf7 34. Kg2 bxa4 35. bxa4 Qb6 36. Qf3+ Ke7 37. dxe5 Nxe5 38. Qc3 Kd6 39. Qd2+ Kc7 40. Bd1 Qc5 41. Be2 Nd7 42. Qg5 Qb4 43. Qf4+ Kb7 44. e5 Qe7 45. Qd2 Nxe5 46. Qxa5 Nc4 47. Qe1 Qe4+ 48. Kg1 Ne5 49. Qd1 Kb6 50. f3 Qe3+ 51. Kf1 Qc3 52. Qd8+ Kc5 53. a5 Nc4 54. Qe7+ Nd6 55. a6 Qa1+ 56. Kg2 Kd5 57. Qe3 Nf5 58. Qe4+ Kc5 59. Qc4+ Kd6 60. Qf4+ Kd7 61. Bd3 Ne7 62. Qd2 Kc7 63. Be2 Nd5 64. Bc4 Nb6 65. Qf4+ Kd7 66. Qf7+ Kd6 67. Qxg6+ Kc5 68. Be2 Nd5 69. Qc2+ Kb6 70. Qb3+ Kc5 71. Qc2+ Kd6 72. Qd2 Kc7 73. Bc4 Nb6 74. Qf4+ Kd7 75. Qf7+ Kd6 76. Qf8+ Kd7 77. Qf5+ Kd6 78. Qd3+ Kc7 79. Bb3 Nd7 80. Qe2 Nc5 81. Bc4 Kb6 82. Kh2 Qa4 83. Kg2 Qb4 84. Qc2 Ka7 85. Qe2 Qa4 86. Qe7+ Kb6 87. Qd8+ Ka7 88. Qc7+ Ka8 89. Qc8+ Ka7 90. Be2 Qa2 1-0

[Event "Wch Seniors 21st"]
[Site "Rijeka"]
[Date "2011.11.25"]
[Round "10"]
[White "Rukavina, Josip"]
[Black "Srebrnic, Vojko"]
[Result "1-0"]
[WhiteElo "2421"]
[BlackElo "2261"]
[PlyCount "71"]
[EventDate "2011.11.15"]
[EventType "swiss"]
[EventRounds "11"]
[EventCountry "CRO"]
[SourceTitle "CBM 145 Extra"]
[Source "ChessBase"]
[SourceDate "2012.01.03"]
[SourceVersion "1"]
[SourceVersionDate "2012.01.03"]
[SourceQuality "1"]

1. Nf3 c5 2. c4 Nf6 3. Nc3 g6 4. e4 d6 5. d4 cxd4 6. Nxd4 Nc6 7. Be2 Nxd4 8. Qxd4 Bg7 9. Bg5 0-0 10. Qd2 Be6 11. Rc1 Qa5 12. b3 Rfc8 13. f3 a6 14. Na4 Qxd2+ 15. Kxd2 Rc6 16. Nc3 Rac8 17. Nd5 Kf8 18. Be3 Nd7 19. f4 f5 20. Nb4 R6c7 21. Bf3 a5 22. exf5 gxf5 23. Nd5 Bxd5 24. Bxd5 Nc5 25. Rhe1 Bf6 26. h3 Bb2 27. Rb1 Bf6 28. Rbc1 b6 29. g4 fxg4 30. hxg4 h6 31. Rh1 Kg7 32. f5 Rh8 33. Rh5 Rcc8 34. Rch1 Rb8 35. Rxh6 Rxh6 36. Rxh6 1-0

[Event "Wch Seniors 21st"]
[Site "Rijeka"]
[Date "2011.11.24"]
[Round "9"]
[White "Leskovar, Mario Leopoldo"]
[Black "Rukavina, Josip"]
[Result "1-0"]
[WhiteElo "2316"]
[BlackElo "2421"]
[PlyCount "77"]
[EventDate "2011.11.15"]
[EventType "swiss"]
[EventRounds "11"]
[EventCountry "CRO"]
[SourceTitle "CBM 145 Extra"]
[Source "ChessBase"]
[SourceDate "2012.01.03"]
[SourceVersion "1"]
[SourceVersionDate "2012.01.03"]
[SourceQuality "1"]

1. e4 d6 2. d4 g6 3. Nc3 Bg7 4. Be3 a6 5. Qd2 Nd7 6. 0-0-0 b5 7. h4 h5 8. Nh3 Bb7 9. Ng5 Nh6 10. f3 c6 11. Kb1 Qc7 12. Be2 Nb6 13. Bd3 b4 14. Ne2 c5 15. d5 Na4 16. b3 Nc3+ 17. Nxc3 Bxc3 18. Qe2 Bc8 19. Rhg1 Ng8 20. Bc4 Bd7 21. Qd3 Qa5 22. f4 Nh6 23. Rgf1 Ng4 24. Bd2 Bg7 25. Ne6 Bf6 26. e5 dxe5 27. f5 Bb5 28. fxg6 fxe6 29. g7 Rg8 30. Qg6+ Kd7 31. Qf7 Rxg7 32. Qxe6+ Ke8 33. Rxf6 Nxf6 34. Bg5 Nd7 35. d6 Bxc4 36. bxc4 Nf8 37. Qxe5 Rf7 38. dxe7 Nd7 39. Qh8+ 1-0

[Event "Wch Seniors 21st"]
[Site "Rijeka"]
[Date "2011.11.21"]
[Round "6"]
[White "Rukavina, Josip"]
[Black "Vaisser, Anatoli"]
[Result "0-1"]
[WhiteElo "2421"]
[BlackElo "2555"]
[PlyCount "86"]
[EventDate "2011.11.15"]
[EventType "swiss"]
[EventRounds "11"]
[EventCountry "CRO"]
[SourceTitle "CBM 145 Extra"]
[Source "ChessBase"]
[SourceDate "2012.01.03"]
[SourceVersion "1"]
[SourceVersionDate "2012.01.03"]
[SourceQuality "1"]

1. Nf3 Nf6 2. c4 d6 3. d4 Nbd7 4. Nc3 e5 5. Bg5 Be7 6. e3 0-0 7. Be2 c6 8. 0-0 Ne8 9. Bxe7 Qxe7 10. b4 a6 11. a4 e4 12. Nd2 f5 13. f3 exf3 14. Rxf3 Ndf6 15. Qb3 g5 16. Nf1 Ng7 17. Re1 Be6 18. Qb1 d5 19. c5 Ne4 20. Qc1 g4 21. Rf4 Nh5 22. Nxe4 Nxf4 23. Nf2 Ng6 24. Nd3 Bd7 25. a5 Rae8 26. g3 Qg7 27. Qc3 Re7 28. Bd1 Rfe8 29. Qd2 Nh8 30. h4 gxh3 31. Bh5 Rf8 32. Nf4 Be8 33. Bf3 h5 34. Kh2 Qh6 35. Qf2 Nf7 36. Nxh3 Ng5 37. Bg2 Nxh3 38. Bxh3 h4 39. Nd2 hxg3+ 40. Qxg3+ Rg7 41. Qf4 Rf6 42. Nf3 Bh5 43. Rg1 Qxf4+ 0-1

[Event "Wch Seniors 21st"]
[Site "Rijeka"]
[Date "2011.11.19"]
[Round "5"]
[White "Kurajica, Bojan"]
[Black "Rukavina, Josip"]
[Result "0-1"]
[WhiteElo "2532"]
[BlackElo "2421"]
[PlyCount "90"]
[EventDate "2011.11.15"]
[EventType "swiss"]
[EventRounds "11"]
[EventCountry "CRO"]
[SourceTitle "CBM 145 Extra"]
[Source "ChessBase"]
[SourceDate "2012.01.03"]
[SourceVersion "1"]
[SourceVersionDate "2012.01.03"]
[SourceQuality "1"]

1. d4 d6 2. Nf3 Bg4 3. c4 Nd7 4. Qb3 Rb8 5. h3 Bxf3 6. Qxf3 g6 7. Nc3 Bg7 8. e3 c5 9. g4 Ngf6 10. Qd1 h6 11. Bg2 a6 12. a4 0-0 13. h4 e6 14. Rb1 Qe7 15. b3 Rfd8 16. Kf1 Ne8 17. Ba3 Nc7 18. Qd3 b6 19. Rd1 Nf6 20. Qe2 Qe8 21. g5 hxg5 22. hxg5 Nh7 23. Qg4 d5 24. Qh4 Nf8 25. cxd5 exd5 26. Qh2 Qe7 27. a5 Nfe6 28. Na4 Nb5 29. Bb2 cxd4 30. Nxb6 Qb4 31. Rd3 Qxa5 32. Nxd5 Qa2 33. Rd2 Qa5 34. b4 Qa4 35. Be4 Nxg5 36. Ne7+ Kf8 37. Qf4 Kxe7 38. Qxg5+ Kf8 39. Qc5+ Kg8 40. Bxg6 fxg6 41. Qc4+ Kf8 42. Rh3 Bf6 43. Rg3 Nd6 44. Qe6 Qb5+ 45. Kg2 Qf5 0-1

[Event "Wch Seniors 21st"]
[Site "Rijeka"]
[Date "2011.11.18"]
[Round "4"]
[White "Rukavina, Josip"]
[Black "Kolbak, Jens"]
[Result "1-0"]
[WhiteElo "2421"]
[BlackElo "2262"]
[PlyCount "113"]
[EventDate "2011.11.15"]
[EventType "swiss"]
[EventRounds "11"]
[EventCountry "CRO"]
[SourceTitle "CBM 145 Extra"]
[Source "ChessBase"]
[SourceDate "2012.01.03"]
[SourceVersion "1"]
[SourceVersionDate "2012.01.03"]
[SourceQuality "1"]

1. Nf3 Nf6 2. c4 e6 3. g3 d5 4. Bg2 Be7 5. 0-0 0-0 6. d4 b6 7. Ne5 Bb7 8. Nc3 c6 9. Qa4 a6 10. Qb3 Nfd7 11. Nxd7 Nxd7 12. Bf4 b5 13. cxd5 cxd5 14. a4 b4 15. a5 Ra7 16. Na4 Qxa5 17. Rfc1 Rc8 18. Rxc8+ Bxc8 19. Rc1 Qd8 20. Qc2 Bb7 21. Qc7 g5 22. Bd2 a5 23. f4 Nf8 24. Qxd8 Bxd8 25. fxg5 Ba6 26. e4 dxe4 27. Bxe4 Bb5 28. Bc6 Bxc6 29. Rxc6 Rd7 30. Be3 Ng6 31. Nc5 Rd5 32. Ne4 Kg7 33. Ra6 Nf8 34. Kf2 Nd7 35. Ke2 Nb8 36. Rd6 Be7 37. Rb6 Nd7 38. Rb7 Kg6 39. h4 f5 40. Nf2 Kf7 41. Nd3 Ke8 42. h5 e5 43. Ra7 exd4 44. Bf4 Nf8 45. Ra6 Kf7 46. Ne5+ Kg8 47. Kd3 b3 48. Nc6 Bb4 49. Rb6 Rd7 50. Rb8 Bc5 51. Nxa5 Kf7 52. Nc4 Ke6 53. Rxb3 Ra7 54. Rb5 Nd7 55. b4 Kd5 56. Bd6 Ra1 57. bxc5 1-0

[Event "Wch Seniors 21st"]
[Site "Rijeka"]
[Date "2011.11.15"]
[Round "1"]
[White "Stull, Norbert"]
[Black "Rukavina, Josip"]
[Result "0-1"]
[WhiteElo "2082"]
[BlackElo "2421"]
[PlyCount "78"]
[EventDate "2011.11.15"]
[EventType "swiss"]
[EventRounds "11"]
[EventCountry "CRO"]
[SourceTitle "CBM 145 Extra"]
[Source "ChessBase"]
[SourceDate "2012.01.03"]
[SourceVersion "1"]
[SourceVersionDate "2012.01.03"]
[SourceQuality "1"]

1. d4 d6 2. e4 g6 3. Nc3 Bg7 4. Be3 a6 5. Nf3 b5 6. Bd3 Bb7 7. a4 b4 8. Ne2 Nf6 9. Ng3 0-0 10. Qd2 a5 11. Bh6 Nbd7 12. h4 e5 13. h5 Bxh6 14. Qxh6 Ng4 15. Qd2 Nb6 16. Rh4 Bc8 17. 0-0-0 Qf6 18. hxg6 fxg6 19. Rdh1 h5 20. Nxh5 gxh5 21. Rxh5 Qf4 22. Rg5+ Kf7 23. Qxf4+ exf4 24. Rh7+ Ke8 25. Rxc7 Nxf2 26. Bb5+ Kd8 27. Rc6 Nd7 28. e5 Ne4 29. Rg7 Nb8 30. Rcc7 Ng3 31. Rcf7 Rxf7 32. Rxf7 Nf5 33. d5 dxe5 34. Nxe5 Nd6 35. Rxf4 Nd7 36. Nc6+ Kc7 37. g4 Bb7 38. g5 Nb6 39. g6 Nxd5 0-1